Statistics for Canada Multiple Choice Quiz

Click here to take the quiz!

General Stats

  • This quiz has been taken 13,425 times
  • The average score is 10 of 16

Answer Stats

Question Answer % Correct
What is the capital of Canada?Ottawa
94%
Which Canadian province has the highest population?Ontario
78%
True or false? More than 50% of the Canadian population lives at a latitude further south than Seattle.True
75%
What is the capital of Manitoba?Winnipeg
74%
What province did not join Canada until 1949?Newfoundland and Labrador
71%
Which of these is NOT a current NHL hockey team?Quebec Nordiques
67%
What is Canada's largest island by land area?Baffin Island
66%
Which French territory is located just 8 kilometers off the coast of Newfoundland?Saint Pierre and Miquelon
64%
Mount Logan is the tallest mountain in Canada, and the second tallest in North America. Where is it located?Yukon Territory
61%
What is the national animal of Canada?Beaver
58%
What is depicted on the front of a Canadian $1 coin?a Loon
57%
What British sea captain charted the coast of British Columbia in the 1790s?George Vancouver
56%
About what percent of Canadians speak French as a first language?22
49%
What country kicked out Canada's ambassador after the Canadian government called for the release of two dissidents in 2018?Saudi Arabia
45%
About what percent of Canadian residents were born in a different country?22
40%
Which of these bands is from Canada?The Tragically Hip
37%

Score Distribution

Percentile by Number Answered

Percent of People with Each Score

Your Score History

You have not taken this quiz